[Event "EU-chT (Men) 19th"]
[Site "Warsaw"]
[Date "2013.11.16"]
[Round "8.1"]
[White "Giri, Anish"]
[Black "Grischuk, Alexander"]
[Result "1/2-1/2"]
[WhiteElo "2732"]
[BlackElo "2785"]
[Annotator "Sumets,A"]
[PlyCount "81"]
[EventDate "2013.11.08"]
[EventType "team-swiss"]
[EventRounds "9"]
[EventCountry "POL"]
[SourceTitle "CBM 158"]
[Source "ChessBase"]
[SourceDate "2014.01.16"]
[SourceVersion "1"]
[SourceVersionDate "2014.01.16"]
[SourceQuality "1"]
[WhiteTeam "Netherlands"]
[BlackTeam "Russia"]
[WhiteTeamCountry "NED"]
[BlackTeamCountry "RUS"]

1. e4 c6 2. d4 d5 3. Nd2 dxe4 4. Nxe4 Bf5 5. Ng3 Bg6 6. h4 h6 7. Nf3 Nd7 8. h5
Bh7 9. Bd3 Bxd3 10. Qxd3 e6 11. Bd2 Ngf6 12. O-O-O Bd6 13. Kb1 (13. Ne4 {
The main line} Bc7 14. c4 Qe7 15. a3 Nxe4 16. Qxe4 Nf6 17. Qe2 O-O-O 18. Bb4
Bd6 19. Ba5 Bc7 20. Bb4 Bd6 $11 {Stevic,H (2637)-Brunello,S (2580) 14-th Euro
Indiv Ch Legnica POL 2013 0-1 (59)}) 13... Qc7 (13... Bxg3 14. fxg3 O-O 15. Qe2
(15. Rh4 $5 c5 16. g4 Nh7 17. g5 Nxg5 18. Nxg5 hxg5 19. Rg4 f6 20. h6 $44)
15... Qc7 16. Ne5 Rad8 17. g4 Nxe5 18. dxe5 Nh7 19. Rde1 (19. Bf4 Rxd1+ 20.
Rxd1 Rd8 $11) 19... Rd7 $11 {Gopal,G (2550) -Pantsulaia,L (2575) Istanbul 2012
0-1 (56)}) 14. Ne4 Nxe4 15. Qxe4 O-O-O 16. c4 Rhe8 $2 {This is not a novelty,
but the subsequent position doesn't promise anything good to Black. I don't
think that Alexander will play this line again.} (16... Nf6 {The main line.}
17. Qe2 Rhe8 18. Bc3 Kb8 19. Ne5 Ka8 20. f4 $14 {Ding Yixin-Gunina,V/Ningbo
CHN 2010 1/2-1/2 (81)}) (16... c5 17. Bc3 Nf6 18. Qe2 cxd4 19. Nxd4 a6 20. Rc1
(20. g4 $5 Bf4 21. Nb3 Rxd1+ 22. Rxd1 Rd8 23. Rxd8+ Qxd8 24. f3 Ne8 25. Nc1 $14
{Hamdouchi,H-Bauer,C/Nancy FRA 2013 1-0 (35)}) 20... Bc5 (20... Qc5 $5 21. g4
Kb8 $13) 21. Nb3 Qc6 22. f3 Rd7 $6 (22... Bd6 23. g4 Bf4 24. Rcd1 Rhe8 $11) 23.
g4 Rhd8 24. g5 Ne8 25. g6 fxg6 26. hxg6 Bb6 27. Rh4 (27. Rhe1 $1 e5 28. Qg2 $16
) 27... e5 28. Re4 Bc7 $11 {Sengupta,D (2563)-Turov, M (2630) Dresden 2011 1/2
(82)}) 17. c5 $1 Bf8 18. Bf4 Qa5 19. Ne5 $1 Nxe5 20. Qxe5 {Who would like to
have such a position after the opening?! It's obvious that Alexander has mixed
something up.} Kd7 $8 21. Rd3 $146 {Only this move is a novelty. In any case
Black is in trouble.} (21. Rh3 f6 22. Qe4 Qa4 23. b3 Qa3 24. b4 Qa4 25. Rb3 a6
26. Kb2 $16 {Gelman,C (2215)-Kantor,A Chicago 1994 1-0 (43)}) 21... f6 $8 22.
Qe4 Kc8 23. Rhd1 ({The simplest and most effective White plan is to put his
queen on f4 (g3) and his bishop on g3 (h2):} 23. Bg3 $5 Rd5 24. Qf4 e5 $8 {
The only way to continue resistance but it will not help.} 25. Qf5+ Kb8 26.
Rhd1 $1 (26. dxe5 Rxd3 27. Qxd3 fxe5 28. Qd7 Rd8 29. Bxe5+ Ka8 30. Qc7 Qd2 $132
) 26... Ka8 27. dxe5 Rxd3 28. Qxd3 Be7 29. e6 Qxc5 30. Qg6 $18) 23... Qb4 24.
Rc1 $1 (24. Bg3 {too straightforward} Qc4 $1 25. Qf4 e5 26. dxe5 Rxd3 27. Qxc4
Rxd1+ 28. Kc2 $16 {White is better, but he doesn't need such complications.})
24... Rd5 25. Qg6 $5 (25. Bh2 $1 {Black hasn't any reasonable moves} Rd7 (25...
a6 26. Qg6 Red8 27. Qf7 e5 28. Rb3 $18) 26. Qf4 e5 27. Qf5 e4 28. Ra3 a6 29. d5
$18) 25... Rdd8 (25... Red8 $2 26. Qf7 e5 27. Rb3 $18) 26. Qe4 $2 ({After the
simple move} 26. Bh2 $1 {I don't see any resonably reply for Black. For example
} Re7 27. Qg3 e5 28. Qh3+ $1 Red7 (28... Kb8 29. dxe5 Rxd3 30. exf6+ $18) 29.
a3 Qa4 30. Rcd1 e4 31. R3d2 $18) 26... Rd5 ({Grischuk could have tried to
sharpen the game after} 26... e5 $5 27. Be3 $6 ({Giri should have found} 27.
Bd2 $1 Qa4 28. b3 Qb5 29. Rc4 a5 30. a4 Qa6 31. Bc3 $16) 27... Qa5 28. Rcd1 Qc7
$14) 27. Qg6 Rdd8 28. Bh2 Re7 (28... Qb5 $5 29. Ra3 a6 30. d5 $3 {I believe
that it is not so easy to find this move even for elite GMs} cxd5 (30... exd5
31. Qf5+ Rd7 32. Rb3 Qa5 33. Rxb7 $18) 31. Rb3 Qc6 32. Rb6 $18) 29. Qe4 (29.
Qg3 $5 {I think that this straightforward move might be the strongest one:} e5
$8 30. Qh3+ Red7 31. a3 Qb5 32. Rb3 Qa4 33. dxe5 fxe5 34. Re3 $18) 29... Rde8
30. Rb3 (30. a3 Qb5 (30... Qa4 31. Qf4 e5 32. Qf5+ Kb8 33. dxe5 fxe5 34. Re1
$18) 31. Re3 Qa5 32. Qf4 e5 33. Qf5+ Kb8 34. dxe5 $18) (30. Bd6 $1 {The
easiest way to the goal} f5 (30... Rd7 31. Bxf8 Rxf8 32. Qxe6 Kc7 (32... Rfd8
33. d5) 33. d5 cxd5 34. c6 $18) 31. Qe5 Rd7 32. Bxf8 Rxf8 33. Qxe6 Rf6 34. Qg8+
Kc7 35. Re3 Qxd4 36. Re8 $18) 30... Qd2 31. Bd6 f5 $8 (31... Rf7 32. Qg6 $18) (
31... Rd7 32. Qxc6+ Kd8 (32... bxc6 33. Rb8#) 33. Rxb7 $18) 32. Qf3 Rf7 (32...
Qxd4 $5 33. Rd1 Qc4 34. Bxe7 Bxe7 35. Rc3 $16) 33. Rd1 $2 {A terrible take, as
we can see from the annotations, White could have won a lot of times. Now the
black queen goes to the kingside.} (33. Rd3 $1 Qb4 34. Bh2 f4 35. Bxf4 Be7 36.
Qe4 Bf6 37. Bd6 $18 {Black's position is completely hopeless.}) 33... Qg5 $14
34. Be5 Qg4 {Black gets rid of most his problems by trading queens. However
his position remains difficult.} 35. Qxc6+ $6 $11 ({Even now Anish Giri should
have continued the game:} 35. Rdd3 Qxf3 36. Rxf3 Be7 37. Rg3 $14 {.White has a
space advantage and he is able to launch an attack on both sides. His opponent
hasn't any real counterplay. We can't consider the d4-pawn as a real weakness.
White's king sooner or later will come into the centre and will protect it. I
believe that this endgame is quite unpleasant for Black.}) 35... bxc6 36. Rb8+
Kd7 37. Rb7+ Kd8 38. Rb8+ Ke7 39. Rb7+ Kd8 40. Rb8+ Ke7 41. Rb7+ 1/2-1/2

[Event "WchT 9th"]
[Site "Antalya"]
[Date "2013.11.30"]
[Round "5.2"]
[White "Meier, Georg"]
[Black "Grischuk, Alexander"]
[Result "0-1"]
[WhiteElo "2623"]
[BlackElo "2785"]
[Annotator "CB"]
[PlyCount "106"]
[EventDate "2013.11.26"]
[EventType "team-tourn"]
[EventRounds "9"]
[EventCountry "TUR"]
[SourceTitle "CBM 158"]
[Source "ChessBase"]
[SourceDate "2014.01.16"]
[SourceVersion "1"]
[SourceVersionDate "2014.01.16"]
[SourceQuality "1"]
[WhiteTeam "Germany"]
[BlackTeam "Russia"]
[WhiteTeamCountry "GER"]
[BlackTeamCountry "RUS"]

1. Nf3 d5 2. d4 Bf5 $5 3. c4 e6 (3... Bxb1 4. Rxb1 c6 {wird auch gelegentlich
gespielt.}) 4. Nc3 Nf6 ({Beliebter ist hier} 4... c6 5. Qb3 Qb6 6. c5 Qxb3 (
6... Qc7 7. Bf4 Qc8 8. Nh4 Bg6 9. Nxg6 hxg6 10. e4 {gibt Weiß einigen Vorteil,
wie in Kramnik,V (2790)-Gelfand,B (2675) Wijk aan Zee 1998, 1-0 (40)}) 7. axb3
Nd7 8. b4 a6 9. b5 cxb5 10. Nxb5 Rc8 11. Nc3 Ne7 12. Bf4 Nc6 13. e3 Be7 $11 {
1/2-1/2 (53) Van Wely,L (2679)-Morozevich,A (2741) Monte Carlo 2005}) ({Auch} 
4... Nc6 {wurde schon probiert:} 5. Bg5 f6 6. Bh4 Qd7 7. cxd5 exd5 8. e3 Nge7
9. Rc1 a6 10. Bg3 {mit einer Struktur, die an die Tschigorin-Variante erinnert,
in Bu Xiangzhi (2588)-Short,N (2701) Beijing 2003, 1-0 (44)}) 5. Bg5 c6 6. e3
h6 7. Bxf6 Qxf6 8. Qb3 Qe7 9. Ne5 Qb4 10. Bd3 Bxd3 11. Nxd3 Qb6 12. Qa4 {
Macht den b-Bauern beweglich und droht zweimal auf d5 zu nehmen.} (12. c5 Qc7
13. O-O Nd7 $11) 12... dxc4 (12... Nd7 13. cxd5 exd5 $11) 13. Qxc4 Nd7 14. O-O
Be7 15. b4 O-O 16. Rab1 Rac8 {Verhindert den Vormarsch des b-Bauern.} 17. Rfc1
Qc7 18. a4 $14 {Mit seinem Raumvorteil sollte Weiß hier einen kleinen Vorteil
haben.} Rfd8 19. h3 Qb8 20. Ne4 (20. f4 {würde den den Vorstoß e5
unterbinden, ist aber verpflichtend.} Nf6 21. Qb3 Nd5 22. Nxd5 exd5 (22... cxd5
$5 $11) 23. b5 $14) 20... e5 21. dxe5 Nxe5 22. Nxe5 Qxe5 23. Nc5 b6 24. Nd3 Qf5
25. Ne1 b5 $5 ({Naheliegend war} 25... c5 {Nach} 26. bxc5 Rxc5 27. Qb3 Rdc8 28.
Nd3 Rxc1+ 29. Rxc1 Rxc1+ 30. Nxc1 {hat Schwarz eine Damenflügelmerhheit und
den Läufer.}) 26. Qa2 ({Nach} 26. axb5 cxb5 27. Qb3 {folgt} Rc4 28. Rxc4 bxc4
{kann Weiß nicht auf c4 nehmen, weil der Tb1 hängt.}) 26... a5 $5 27. bxa5 ({
Gefährlich ist} 27. axb5 Bxb4 28. Rxc6 {mit Verwicklungen:} ({Im Falle von} 
28. bxc6 $2 {wäre} Rd2 {entscheidend.}) 28... Rd2 29. Rxc8+ Kh7 $1 (29... Qxc8
$2 30. Qb3 Qf5 31. Nf3 $14) 30. Qc4 Qxb1 31. Kh2 Rxf2 (31... Qxe1 $2 32. Qe4+
g6 33. Qe5 {und Matt.}) 32. Nd3 Bd6+ 33. Nf4 Qf5 34. Kg1 Rb2 35. Rc6 Rb1+ 36.
Kf2 Bxf4 37. exf4 Rxb5 $17) 27... b4 28. a6 ({Einfacher war vielleicht} 28. Qc4
c5 29. Rd1 Ra8 30. Rxd8+ Rxd8 31. Rc1 $11) 28... c5 29. Qc4 Ra8 30. Kf1 $2 ({
Besser scheint} 30. Rd1 {Nach} Qg6 31. Rxd8+ Rxd8 32. Rc1 Ra8 33. Nd3 Qxa6 34.
Qxa6 Rxa6 35. Nxc5 Ra5 36. Nd3 Rxa4 37. Kf1 $11 {reicht der schwarze Freibauer
nicht zum Vorteil.}) 30... Qg6 31. Nf3 (31. Ra1 Qxa6 32. Qxa6 Rxa6 33. Ke2 Bf6
34. Rab1 Bc3 $17) 31... Qxa6 32. Qxa6 ({Zäher war} 32. Ne5 Qxc4+ 33. Rxc4 $17)
32... Rxa6 33. Ne5 f6 34. Nc4 Rxa4 {Weiß hat nun seine beiden vereinzelten
a-Bauern verloren. Die Stellung nun gegen das schwarze Freibauernpaar zu
halten, ist sehr schwer, falls überhaupt möglich.} 35. Ra1 Rda8 36. Rxa4 Rxa4
37. Ke2 Ra2+ 38. Nd2 Kf7 39. Kd3 Ke6 40. Rc2 (40. e4 $5 {Houdini}) 40... Rxc2
41. Kxc2 Kd5 42. Kd3 f5 43. f3 Bf6 44. e4+ Ke6 45. Kc4 (45. Nb3 $5 Be7 46. Nd2
$17) 45... Bd4 $19 46. g3 (46. Nb3 fxe4 47. fxe4 Ke5 $19) 46... g6 47. exf5+
Kxf5 48. Ne4 g5 49. Nd6+ Ke6 50. Ne4 Kf5 51. Nd6+ Ke6 52. Ne4 Ke5 53. Nd2 h5 (
53... h5 54. Ne4 h4 55. gxh4 gxh4 56. Kd3 b3 $19) 0-1

[Event "WchT 9th"]
[Site "Antalya"]
[Date "2013.12.04"]
[Round "8.3"]
[White "Moiseenko, Alexander"]
[Black "Grischuk, Alexander"]
[Result "1/2-1/2"]
[WhiteElo "2709"]
[BlackElo "2785"]
[PlyCount "60"]
[EventDate "2013.11.26"]
[EventType "team-tourn"]
[EventRounds "9"]
[EventCountry "TUR"]
[SourceTitle "CBM 158"]
[Source "ChessBase"]
[SourceDate "2014.01.16"]
[SourceVersion "1"]
[SourceVersionDate "2014.01.16"]
[SourceQuality "1"]
[WhiteTeam "Ukraine"]
[BlackTeam "Russia"]
[WhiteTeamCountry "UKR"]
[BlackTeamCountry "RUS"]

1. d4 Nf6 2. c4 g6 3. Nc3 d5 4. Bg5 Bg7 5. Bxf6 Bxf6 6. cxd5 c5 7. Nf3 cxd4 8.
Nxd4 Qb6 9. Nb3 O-O 10. e3 Rd8 11. Be2 e6 12. O-O Bxc3 13. bxc3 Rxd5 14. Qc2
Qc7 15. Bf3 Rd8 16. Rfd1 Bd7 17. Nc5 Nc6 18. Rab1 Rab8 19. Nxd7 Rxd7 20. Rxd7
Qxd7 21. Qa4 Rc8 22. Rd1 Qc7 23. Bxc6 bxc6 24. g3 a5 25. Qd4 Qe7 26. h4 h5 27.
a4 Rb8 28. Kg2 c5 29. Qd6 Qxd6 30. Rxd6 Rb3 1/2-1/2

[Event "Beijing Sportaccord rap"]
[Site "Beijing"]
[Date "2013.12.12"]
[Round "2"]
[White "Nepomniachtchi, Ian"]
[Black "Grischuk, Alexander"]
[Result "1-0"]
[WhiteElo "2721"]
[BlackElo "2783"]
[PlyCount "127"]
[EventDate "2013.12.12"]
[EventType "swiss (rapid)"]
[EventRounds "7"]
[EventCountry "CHN"]
[SourceTitle "CBM 158"]
[Source "ChessBase"]
[SourceDate "2014.01.16"]
[SourceVersion "1"]
[SourceVersionDate "2014.01.16"]
[SourceQuality "1"]

1. e4 e5 2. Nf3 Nc6 3. d4 exd4 4. Nxd4 Bc5 5. Nxc6 Qf6 6. Qf3 bxc6 7. Nc3 d6 8.
Qg3 Qg6 9. Bd2 Nf6 10. f3 Be6 11. O-O-O Nd7 12. Na4 Bb6 13. b3 f6 14. Nb2 Qxg3
15. hxg3 O-O 16. g4 h6 17. Ba6 Rab8 18. Rhf1 Rfe8 19. a4 Bd4 20. Ba5 Bb6 21.
Bc3 Be3+ 22. Kb1 Nc5 23. Be2 Nd7 24. Bc4 Bc5 25. Bxe6+ Rxe6 26. Nd3 Ree8 27.
Ka2 a6 28. Ba5 Bb6 29. Be1 Bc5 30. Rh1 Kf7 31. Rh5 Re7 32. Bg3 Ke8 33. Bh4 Kf7
34. Be1 Ke8 35. Ba5 Rb7 36. Bc3 Rb8 37. Ba5 Rb7 38. c4 Kf7 39. Bc3 Rb8 40. b4
Bb6 41. c5 Ba7 42. cxd6 cxd6 43. Ra5 Rb6 44. Nb2 d5 45. exd5 cxd5 46. Raxd5 Rc6
47. Kb3 Nf8 48. b5 axb5 49. axb5 Rc8 50. Nc4 Bb8 51. Bb4 Rb7 52. b6 Bg3 53. Rb5
Rcb8 54. Bd6 Rd8 55. Bxg3 Rxd1 56. Nd6+ Rxd6 57. Bxd6 Ne6 58. Ka4 Ke8 59. Ka5
Kd7 60. Ka6 Kc6 61. Rb1 Rd7 62. Bb4 Rd4 63. Rc1+ Kd5 64. Kb5 1-0

[Event "Beijing Sportaccord rap"]
[Site "Beijing"]
[Date "2013.12.13"]
[Round "5"]
[White "Grischuk, Alexander"]
[Black "Karjakin, Sergey"]
[Result "1-0"]
[WhiteElo "2783"]
[BlackElo "2756"]
[PlyCount "59"]
[EventDate "2013.12.12"]
[EventType "swiss (rapid)"]
[EventRounds "7"]
[EventCountry "CHN"]
[SourceTitle "CBM 158"]
[Source "ChessBase"]
[SourceDate "2014.01.16"]
[SourceVersion "1"]
[SourceVersionDate "2014.01.16"]
[SourceQuality "1"]

1. d4 Nf6 2. c4 e6 3. Nf3 b6 4. a3 Bb7 5. Nc3 d5 6. cxd5 Nxd5 7. e3 g6 8. Bb5+
c6 9. Bd3 Bg7 10. Ne4 O-O 11. O-O Qc7 12. Bd2 Nd7 13. Rc1 Rad8 14. b4 Qb8 15.
Qb3 e5 16. Rfe1 h6 17. h4 Rfe8 18. Bb1 exd4 19. exd4 Nf8 20. h5 g5 21. Ng3
Rxe1+ 22. Rxe1 Re8 23. Rxe8 Qxe8 24. Nf5 Qd8 25. Ne5 Nd7 26. Ng4 Kf8 27. Ngxh6
Bxh6 28. Nxh6 Qf6 29. Nf5 Bc8 30. Qg3 1-0

[Event "Beijing Sportaccord rap"]
[Site "Beijing"]
[Date "2013.12.13"]
[Round "6"]
[White "Leko, Peter"]
[Black "Grischuk, Alexander"]
[Result "1/2-1/2"]
[WhiteElo "2730"]
[BlackElo "2783"]
[PlyCount "74"]
[EventDate "2013.12.12"]
[EventType "swiss (rapid)"]
[EventRounds "7"]
[EventCountry "CHN"]
[SourceTitle "CBM 158"]
[Source "ChessBase"]
[SourceDate "2014.01.16"]
[SourceVersion "1"]
[SourceVersionDate "2014.01.16"]
[SourceQuality "1"]

1. e4 e6 2. d4 d5 3. Nc3 Bb4 4. e5 c5 5. a3 Ba5 6. Qg4 Ne7 7. dxc5 Bxc3+ 8.
bxc3 O-O 9. Nf3 Nd7 10. Bd3 Nf5 11. O-O Nxc5 12. a4 b6 13. Nd4 Qc7 14. Bxf5
exf5 15. Qf4 Ba6 16. Re1 Ne6 17. Qg3 Nxd4 18. cxd4 Qc6 19. a5 Rfe8 20. axb6
Qxb6 21. Bg5 Qg6 22. Bd2 Qe6 23. Bg5 Kh8 24. Ra3 Bb5 25. Qh4 h6 26. Rea1 a6 27.
Rh3 Kh7 28. Bf6 Rac8 29. c3 Rg8 30. Re1 Rc4 31. Ree3 Ra4 32. Qxh6+ gxh6 33.
Rxh6+ Kxh6 34. Rh3+ Kg6 35. Rg3+ Kh7 36. Rh3+ Kg6 37. Rg3+ Kh7 1/2-1/2

[Event "Beijing Sportaccord blitz"]
[Site "Beijing"]
[Date "2013.12.14"]
[Round "10"]
[White "Le, Quang Liem"]
[Black "Grischuk, Alexander"]
[Result "0-1"]
[WhiteElo "2703"]
[BlackElo "2783"]
[PlyCount "92"]
[EventDate "2013.12.14"]
[EventType "tourn (blitz)"]
[EventRounds "30"]
[EventCountry "CHN"]
[EventCategory "20"]
[SourceTitle "CBM 157 Extra"]
[Source "ChessBase"]
[SourceDate "2013.12.19"]
[SourceVersion "1"]
[SourceVersionDate "2013.12.19"]
[SourceQuality "1"]

1. d4 Nf6 2. c4 g6 3. Nc3 Bg7 4. e4 d6 5. Nf3 O-O 6. Be2 e5 7. O-O Nc6 8. d5
Ne7 9. b4 Nh5 10. g3 h6 11. Nh4 Nf6 12. c5 Bh3 13. Ng2 c6 14. Bc4 Rc8 15. Ba3
cxd5 16. exd5 Nf5 17. Re1 a5 18. Ne3 axb4 19. Bxb4 dxc5 20. Ba3 Nd4 21. Bb2 Ne8
22. a4 Nd6 23. Bf1 Bxf1 24. Nxf1 e4 25. Rb1 Nf3+ 26. Kg2 Nxe1+ 27. Qxe1 f5 28.
Ne2 Bxb2 29. Rxb2 g5 30. Kg1 Nc4 31. Rxb7 Qxd5 32. Qb1 Rf7 33. Rb3 Rd8 34. Rc3
Ne5 35. Ne3 Qc6 36. Qa2 Kg7 37. Rc1 f4 38. Nc4 Nf3+ 39. Kh1 e3 40. Na5 Qa8 41.
Qa1+ Kg8 42. Rxc5 exf2 43. Nc6 Re8 44. Qf1 Ne5 45. Ned4 Nxc6 46. Rxc6 Re1 0-1

[Event "Moscow-ch Superfinal"]
[Site "Moscow"]
[Date "2014.01.30"]
[Round "1"]
[White "Grischuk, Alexander"]
[Black "Eliseev, Urii"]
[Result "1-0"]
[WhiteElo "2777"]
[BlackElo "2549"]
[PlyCount "87"]
[EventDate "2014.01.30"]
[EventType "tourn (rapid)"]
[EventRounds "9"]
[EventCountry "RUS"]
[EventCategory "15"]
[SourceTitle "CBM 158 Extra"]
[Source "ChessBase"]
[SourceDate "2014.02.28"]
[SourceVersion "1"]
[SourceVersionDate "2014.02.28"]
[SourceQuality "1"]

1. e4 c5 2. Nf3 Nc6 3. Nc3 d6 4. d4 cxd4 5. Nxd4 Nf6 6. Bg5 e6 7. Qd2 a6 8.
O-O-O Bd7 9. f4 b5 10. Bxf6 gxf6 11. Kb1 Qb6 12. Nxc6 Bxc6 13. f5 b4 14. Ne2 e5
15. Ng3 h5 16. Bc4 h4 17. Nf1 Bxe4 18. Qe2 Bxf5 19. Ne3 Be6 20. Qf3 Ra7 21.
Bxe6 fxe6 22. Qxf6 Rh6 23. Qf3 Qb7 24. Qf2 Qf7 25. Qe1 a5 26. Rf1 Rf6 27. Qxh4
Rf4 28. Rxf4 exf4 29. Ng4 Qf5 30. Rf1 Rc7 31. Ne3 fxe3 32. Rxf5 exf5 33. Qh5+
Kd8 34. Qxf5 Bh6 35. Qf6+ Re7 36. Qxd6+ Ke8 37. Qg6+ Rf7 38. Qh5 a4 39. a3 b3
40. cxb3 axb3 41. Qb5+ Kf8 42. Qxb3 Rf1+ 43. Ka2 e2 44. Qb4+ 1-0

[Event "Moscow-ch Superfinal"]
[Site "Moscow"]
[Date "2014.01.30"]
[Round "2"]
[White "Grischuk, Alexander"]
[Black "Grachev, Boris V"]
[Result "1-0"]
[WhiteElo "2777"]
[BlackElo "2668"]
[PlyCount "57"]
[EventDate "2014.01.30"]
[EventType "tourn (rapid)"]
[EventRounds "9"]
[EventCountry "RUS"]
[EventCategory "15"]
[SourceTitle "CBM 158 Extra"]
[Source "ChessBase"]
[SourceDate "2014.02.28"]
[SourceVersion "1"]
[SourceVersionDate "2014.02.28"]
[SourceQuality "1"]

1. e4 c5 2. Nf3 e6 3. Nc3 Nc6 4. d4 cxd4 5. Nxd4 a6 6. f3 Nf6 7. Nxc6 bxc6 8.
e5 Nd5 9. Ne4 Qb6 10. c4 Ne3 11. Qd3 Bb4+ 12. Bd2 Nxf1 13. Rxf1 Bxd2+ 14. Qxd2
O-O 15. c5 Qc7 16. f4 a5 17. Rf3 Rb8 18. Rg3 Kh8 19. O-O-O Rb4 20. Qe3 Qb8 21.
Rd2 Rc4+ 22. Kb1 Qb4 23. a3 Qb8 24. Nd6 Ba6 25. f5 exf5 26. Rxg7 f4 27. Qh3
Kxg7 28. Nf5+ Kh8 29. Qh6 1-0

[Event "Moscow-ch Superfinal"]
[Site "Moscow"]
[Date "2014.01.30"]
[Round "4"]
[White "Grischuk, Alexander"]
[Black "Nepomniachtchi, Ian"]
[Result "1/2-1/2"]
[WhiteElo "2777"]
[BlackElo "2732"]
[PlyCount "33"]
[EventDate "2014.01.30"]
[EventType "tourn (rapid)"]
[EventRounds "9"]
[EventCountry "RUS"]
[EventCategory "15"]
[SourceTitle "CBM 158 Extra"]
[Source "ChessBase"]
[SourceDate "2014.02.28"]
[SourceVersion "1"]
[SourceVersionDate "2014.02.28"]
[SourceQuality "1"]

1. Nf3 g6 2. g3 Bg7 3. Bg2 d5 4. O-O Nf6 5. c4 c6 6. b3 Ne4 7. d4 O-O 8. Bb2
dxc4 9. bxc4 c5 10. Nbd2 Nxd2 11. Qxd2 cxd4 12. Nxd4 Nc6 13. Rfd1 Nxd4 14. Bxd4
Qxd4 15. Qxd4 Bxd4 16. Rxd4 Rb8 17. c5 1/2-1/2

[Event "Moscow-ch Superfinal"]
[Site "Moscow"]
[Date "2014.01.30"]
[Round "5"]
[White "Najer, Evgeniy"]
[Black "Grischuk, Alexander"]
[Result "1/2-1/2"]
[WhiteElo "2646"]
[BlackElo "2777"]
[PlyCount "56"]
[EventDate "2014.01.30"]
[EventType "tourn (rapid)"]
[EventRounds "9"]
[EventCountry "RUS"]
[EventCategory "15"]
[SourceTitle "CBM 158 Extra"]
[Source "ChessBase"]
[SourceDate "2014.02.28"]
[SourceVersion "1"]
[SourceVersionDate "2014.02.28"]
[SourceQuality "1"]

1. e4 e5 2. Nf3 Nc6 3. Bb5 Nf6 4. O-O Nxe4 5. Re1 Nd6 6. Nxe5 Be7 7. Bf1 Nf5 8.
Nf3 O-O 9. d4 d5 10. c3 Bd6 11. g3 h6 12. a4 Qf6 13. Na3 a6 14. Bg2 Bd7 15. Nc2
Rfe8 16. b3 Rad8 17. Rxe8+ Rxe8 18. Nce1 Nfe7 19. Ba3 Bxa3 20. Rxa3 Bf5 21. Ra2
Nc8 22. Nh4 Be4 23. Re2 Nd6 24. Nhf3 Re6 25. Nd2 Qe7 26. Nxe4 Nxe4 27. Bxe4
Rxe4 28. Rxe4 Qxe4 1/2-1/2

[Event "Moscow-ch Superfinal"]
[Site "Moscow"]
[Date "2014.01.31"]
[Round "6"]
[White "Grischuk, Alexander"]
[Black "Popov, Ivan1"]
[Result "1-0"]
[WhiteElo "2777"]
[BlackElo "2650"]
[PlyCount "55"]
[EventDate "2014.01.30"]
[EventType "tourn (rapid)"]
[EventRounds "9"]
[EventCountry "RUS"]
[EventCategory "15"]
[SourceTitle "CBM 158 Extra"]
[Source "ChessBase"]
[SourceDate "2014.02.28"]
[SourceVersion "1"]
[SourceVersionDate "2014.02.28"]
[SourceQuality "1"]

1. e4 c5 2. Nf3 e6 3. b3 Nc6 4. Bb2 Nf6 5. e5 Nd5 6. Na3 a6 7. g3 Be7 8. Bg2
O-O 9. O-O b5 10. c4 Nc7 11. d4 cxd4 12. Nxd4 b4 13. Nxc6 dxc6 14. Nb1 Bb7 15.
Nd2 a5 16. Ne4 Na6 17. Qh5 Kh8 18. Rad1 Qe8 19. Nf6 Bxf6 20. exf6 g6 21. Qxa5
Qc8 22. Qb6 Nb8 23. Qxb4 Rxa2 24. Be5 Ba8 25. Qc5 Re8 26. Qe7 Kg8 27. Bxb8 Qxb8
28. Rd7 1-0

[Event "Moscow-ch Superfinal"]
[Site "Moscow"]
[Date "2014.01.31"]
[Round "7"]
[White "Vavulin, Maksim"]
[Black "Grischuk, Alexander"]
[Result "0-1"]
[WhiteElo "2390"]
[BlackElo "2777"]
[PlyCount "80"]
[EventDate "2014.01.30"]
[EventType "tourn (rapid)"]
[EventRounds "9"]
[EventCountry "RUS"]
[EventCategory "15"]
[SourceTitle "CBM 158 Extra"]
[Source "ChessBase"]
[SourceDate "2014.02.28"]
[SourceVersion "1"]
[SourceVersionDate "2014.02.28"]
[SourceQuality "1"]

1. e4 d6 2. d4 Nf6 3. Nc3 g6 4. f4 Bg7 5. Nf3 O-O 6. Bd3 Na6 7. O-O c5 8. d5
Bg4 9. Bc4 Nc7 10. h3 Bxf3 11. Qxf3 Nd7 12. Be3 a6 13. a4 b6 14. Rad1 Rb8 15.
e5 b5 16. Be2 dxe5 17. d6 Ne6 18. dxe7 Qxe7 19. Nd5 Qd8 20. c3 exf4 21. Nxf4
Ne5 22. Qf2 Qf6 23. Nxe6 Qxe6 24. Bxc5 Rfc8 25. axb5 axb5 26. Bd6 Rb7 27. Bf3
Nxf3+ 28. Qxf3 Rd7 29. Bb4 Bf8 30. Rxd7 Qxd7 31. Bxf8 Rxf8 32. Rd1 Qe6 33. Qd5
Qe2 34. Qd2 Qe7 35. Qd7 Qg5 36. Qd5 Qe3+ 37. Kh1 Qe2 38. Qd2 Re8 39. Kg1 Qc4
40. Qd5 Re4 0-1